ბათუმის შოთა რუსთაველის სახელმწიფო უნივერსიტეტის ბიბლიოთეკა

ვანი : (ბიბ.ჩანაწერი № 60264)

000 -ლიდერი
ფიქსირებული სიგრძის საკონტროლო ველი 01589nam a22002057a 4500
003 - საკონტროლო ნომრის იდენტიფიკატორი
საკონტროლო ველი Ge_BSU
005 - ბოლო ოპერაციის თარიღი და დრო
საკონტროლო ველი 20230623100945.0
008 - ფიქსირებული სიგრძის მონაცემთა ელემენტები - ზოგადი ინფორმაცია
ფიქსირებული სიგრძის საკონტროლო ველი 230623s1981 ge ||||| |||| 00| 0 geo d
041 ## - ენის კოდი
Language code of text/sound track or separate title geo
080 ## - უნივერსალური ათობითი კლასიფიკაციის ინდექსი
Universal Decimal Classification number 902.2(479.222.11) ვ-18
245 ## - ცნობა სათაურის შესახებ
Title ვანი :
Remainder of title არქეოლოგიური გათხრები : [სტატიების კრებული]. ტ. 6, ოქროს სამკაულები ვანის ნაქალაქარიდან
Statement of responsibility, etc ა. ჭყონია ; რედ. ოთ. ლორთქიფანიძე ; საქ. სსრ მეცნ. აკად., ივ. ჯავახიშვილის სახ. ისტორიის, არქეოლოგიისა და ეთნოგრაფიის ინ-ტი.
264 ## - წარმოების, გამოცემის, დისტრიბუციის და სხვა ცნობები
გამოცემის, წარმოების, დისტრიბუციის... ადგილი თბილისი :
გამოცემის, წარმოების, დისტრიბუციის... სახელწოდება მეცნიერება,
გამოცემის, წარმოების, დისტრიბუციის... თარიღი 1981.
300 ## - ფიზიკური აღწერა
Extent 162 გვ. :
Other physical details 37 ფ. ილ.;
Dimensions 30 სმ.
520 ## - SUMMARY, ETC.
Summary, etc რეზ. რუს. და ინგლ.
653 ## - INDEX TERM--UNCONTROLLED
Uncontrolled term ვანის არქეოლოგიური გათხრები
653 ## - INDEX TERM--UNCONTROLLED
Uncontrolled term ოქროს სამკაულები
700 ## - ADDED ENTRY--PERSONAL NAME
Personal name ლორთქიფანიძე, ოთ.
Relator term რედაქტორი
9 (RLIN) 18351
710 ## - ADDED ENTRY--CORPORATE NAME
Corporate name or jurisdiction name as entry element საქართველოს სსრ მეცნიერებათა აკადემია.
Subordinate unit ივ. ჯავახიშვილის სახ. ისტორიის, არქეოლოგიისა და ეთნოგრაფიის ინსტიტუტი
9 (RLIN) 18718
942 ## - ADDED ENTRY ELEMENTS (KOHA)
Source of classification or shelving scheme
Koha item type წიგნი
ეგზემპლარები
ჩამოწერის სტატუსი დაკარგული ეგზემპლარის სტატუსი კლასიფიკაციის წყარო ან თაროზე გაწყობის სქემა დაზიანების სტატუსი არ გაიცემა მუდმივი მდებარეობა (დაცვის ადგილი) ამჟამინდელი ადგილსამყოფელი თაროზე განთავსების ადგილი შეძენის თარიღი ღირებულება, შესყიდვის ნორმალური ფასი სრული შენახვის შიფრი შტრიხკოდი ბოლო ოპერაციის თარიღი ეგზემპლარის მიმდევრობითი ნომერი (კეტერი?) Uniform Resource Identifier ფასის ძალაში შესვლის თარიღი ეგზემპლარის სახეობა საჯარო შენიშვნა
          ბათუმის შოთა რუსთაველის სახელმწიფო უნივერსიტეტის მთავარი ბიბლიოთეკა ბათუმის შოთა რუსთაველის სახელმწიფო უნივერსიტეტის მთავარი ბიბლიოთეკა წიგნსაცავი 2023-06-23 8.00 902.2(479.222.11) ვ-18 64760 2023-06-23 64760 ბსუ-ს საპატიო დოქტორის გურამ ლორთქიფანიძის საჩუქარი 2023-06-23 წიგნი 8 ლ.